| 000 | 01256cam a22003135a 4500 | ||
|---|---|---|---|
| 001 | 15415150 | ||
| 005 | 20180404132423.0 | ||
| 008 | 080816t2007 gw a frb 001 0 eng d | ||
| 020 | _a9783527314638 | ||
| 020 | _a3527314636 | ||
| 040 |
_aBTCTA _cBTCTA _dYDXCP _dBAKER _dUAT _dDLC _dEG-ScBUE _beng |
||
| 082 | 0 | 4 |
_222 _a615.19 _bCOL |
| 245 | 0 | 0 |
_aColloid stability and application in pharmacy / _cedited by Tharwat F. Tadros. |
| 260 |
_aWeinheim : _bWiley-VCH Verlag, _cc.2007. |
||
| 300 |
_av. 3 : _bill. ; _c25 cm. |
||
| 490 | 0 | _aColloids and interface science series | |
| 504 | _aIncludes bibliographical references and index. | ||
| 650 | 7 |
_aColloids in medicine. _2BUEsh |
|
| 650 | 7 |
_aColloids. _2BUEsh _97422 |
|
| 650 | 7 |
_aColloids _xStability. _2BUEsh |
|
| 650 | 7 |
_aPharmaceutical chemistry. _2BUEsh _930027 |
|
| 651 | _2BUEsh | ||
| 653 |
_bPPhrm _cApril2018 |
||
| 700 | 1 |
_aTadros, Tharwat F., _d1937- _eeditor. |
|
| 856 | 4 | 2 |
_3Publisher description _uhttp://www.loc.gov/catdir/enhancements/fy0838/2008447709-d.html |
| 856 | 4 | 2 |
_3Contributor biographical information _uhttp://www.loc.gov/catdir/enhancements/fy0838/2008447709-b.html |
| 856 | 4 | 1 |
_3Table of contents only _uhttp://www.loc.gov/catdir/enhancements/fy0838/2008447709-t.html |
| 942 | _2ddc | ||
| 999 |
_c26473 _d26445 |
||